00352nam a2200133Ia 4500003000400000005001700004008004100021040001800062082001900080100002400099245004400123260004300167300000800210OSt20200606115827.0190216s9999||||xx |||||||||||||| ||und|| cMESKC library a891.431bTAK/D aThakur, Priyadarshi 0aDhoop Titli Phool /cPriyadarshi Thakur bBharatiya Jnanpith,aNew Delhi:c1990. a72p